000 00358nam a2200145 a 4500
008 970613s1978||||xx 0 und c
040 _aSNK
_bslo
_cSNK
_eAACR2
245 1 0 _aMalá encyklopédia spisovateľov sveta
260 _aBratislava
_bObzor
_c1978
300 _a642 s.
020 _c95
041 _aslo
044 _axo
_cSK
100 1 _aJuríček, Ján
999 _c15148
_d15148